<?xml version="1.0" encoding="UTF-8"?>
<collection xmlns="http://www.loc.gov/MARC21/slim">
 <record>
  <leader>     na                 </leader>
  <controlfield tag="001">INLIS000000000009329</controlfield>
  <controlfield tag="005">20221019032311</controlfield>
  <datafield tag="035" ind1=" " ind2=" ">
   <subfield code="a">0010-0520009329</subfield>
  </datafield>
  <controlfield tag="008">221019                g          0 ind  </controlfield>
  <datafield tag="020" ind1=" " ind2=" ">
   <subfield code="a">978-602-8323-49-9</subfield>
  </datafield>
  <datafield tag="041" ind1=" " ind2=" ">
   <subfield code="a">ind</subfield>
  </datafield>
  <datafield tag="082" ind1=" " ind2=" ">
   <subfield code="a">320.014</subfield>
  </datafield>
  <datafield tag="084" ind1=" " ind2=" ">
   <subfield code="a">320.014 ARR k</subfield>
  </datafield>
  <datafield tag="100" ind1="0" ind2=" ">
   <subfield code="a">Arrianie, Lely</subfield>
  </datafield>
  <datafield tag="245" ind1="1" ind2=" ">
   <subfield code="a">Komunikasi politik: politisi dan pencitraan di panggung politik /</subfield>
   <subfield code="c">Lely Arrianie</subfield>
  </datafield>
  <datafield tag="260" ind1=" " ind2=" ">
   <subfield code="a">Bandung :</subfield>
   <subfield code="b">Widya Padjadjaran,</subfield>
   <subfield code="c">2010</subfield>
  </datafield>
  <datafield tag="300" ind1=" " ind2=" ">
   <subfield code="a">xiii, 250 hlm. ; 25 cm. ;</subfield>
   <subfield code="c">25 cm.</subfield>
  </datafield>
  <datafield tag="500" ind1=" " ind2=" ">
   <subfield code="a">Indeks : hlm. 246-250</subfield>
  </datafield>
  <datafield tag="504" ind1=" " ind2=" ">
   <subfield code="a">hlm. 243-245</subfield>
  </datafield>
  <datafield tag="520" ind1=" " ind2=" ">
   <subfield code="a">Buku ini membahas tentang apa, mengapa dan bagaimana politisi melakukan pencitraan dalam penyampaian pesan-pesan politik dan bagaimana para komunikator politik memahami hal itu sebagai pesan politik termasuk yang mengandung muatan kekerasan. Latar belakang individu politisi dan proses rekruitmen turut menentukan show dan impression management politisi, cara mereka memberikan kesan terhadap suatu pesan politik, cara menampilkan peran politik serta bagaimana mereka mengkomunikasikan pesan-pesan politik. Busana menjadi atribut penting bagi politisi terutama di panggung depan sehingga menjadi obsesi bagi politisi untuk mengemasnya secara optimal. Tidak ada satu model komunikasi politik teoritis apapun yang berlaku di DPR, namun pelaku komunikasi politik cenderung menampilkan model komunikasi politik yangg 'acak', bahkan komunikasi politik itu tidak dapat lagi dikonsepsi sebagai komunikasi yang bersifat linier meskipun komunikasi linier itu sangat populer. Komunikasi politik di DPR lebih bersifat interaksional dan transaksional. Tidak ada dikotomi antara politisi partai politik A ataukah B yang melakukan kekerasan dalam komunikasi politik. Satu orang atau satu tim dari fraksi yang sama bisa berbedas pendapat sedangkan beda tim atau fraksi justru bisa satu pendapat.</subfield>
  </datafield>
  <datafield tag="650" ind1=" " ind2="4">
   <subfield code="a">Communication in politics-Indonesia.</subfield>
  </datafield>
  <datafield tag="650" ind1=" " ind2="4">
   <subfield code="a">Communication- Political aspects-Indonesia; Politicians-Indonesia.</subfield>
  </datafield>
  <datafield tag="650" ind1=" " ind2="4">
   <subfield code="a">Legislative bodies-Indonesia; Political violence-Indonesia.</subfield>
  </datafield>
  <datafield tag="990" ind1=" " ind2=" ">
   <subfield code="a">23117/MKRI-P/XI-2014</subfield>
  </datafield>
  <datafield tag="990" ind1=" " ind2=" ">
   <subfield code="a">23120/MKRI-P/XI/2014</subfield>
  </datafield>
  <datafield tag="990" ind1=" " ind2=" ">
   <subfield code="a">23118/MKRI-P/XI/2014</subfield>
  </datafield>
  <datafield tag="990" ind1=" " ind2=" ">
   <subfield code="a">23119/MKRI-P/XI/2014</subfield>
  </datafield>
  <datafield tag="990" ind1=" " ind2=" ">
   <subfield code="a">23118/MKRI-P/XI/2014</subfield>
  </datafield>
  <datafield tag="990" ind1=" " ind2=" ">
   <subfield code="a">23117/MKRI-P/XI-2014</subfield>
  </datafield>
  <datafield tag="990" ind1=" " ind2=" ">
   <subfield code="a">23120/MKRI-P/XI/2014</subfield>
  </datafield>
  <datafield tag="990" ind1=" " ind2=" ">
   <subfield code="a">23119/MKRI-P/XI/2014</subfield>
  </datafield>
  <datafield tag="990" ind1=" " ind2=" ">
   <subfield code="a">23120/MKRI-P/XI/2014</subfield>
  </datafield>
  <datafield tag="990" ind1=" " ind2=" ">
   <subfield code="a">23117/MKRI-P/XI-2014</subfield>
  </datafield>
  <datafield tag="990" ind1=" " ind2=" ">
   <subfield code="a">23118/MKRI-P/XI/2014</subfield>
  </datafield>
  <datafield tag="990" ind1=" " ind2=" ">
   <subfield code="a">23119/MKRI-P/XI/2014</subfield>
  </datafield>
  <datafield tag="990" ind1=" " ind2=" ">
   <subfield code="a">23119/MKRI-P/XI/2014</subfield>
  </datafield>
  <datafield tag="990" ind1=" " ind2=" ">
   <subfield code="a">23117/MKRI-P/XI-2014</subfield>
  </datafield>
  <datafield tag="990" ind1=" " ind2=" ">
   <subfield code="a">23120/MKRI-P/XI/2014</subfield>
  </datafield>
  <datafield tag="990" ind1=" " ind2=" ">
   <subfield code="a">23118/MKRI-P/XI/2014</subfield>
  </datafield>
 </record>
</collection>
